<?xml version="1.0" encoding="UTF-8"?>
<record
    xmlns:xsi="http://www.w3.org/2001/XMLSchema-instance"
    xsi:schemaLocation="http://www.loc.gov/MARC21/slim http://www.loc.gov/standards/marcxml/schema/MARC21slim.xsd"
    xmlns="http://www.loc.gov/MARC21/slim">

  <leader>01437nam a2200205Ia 4500</leader>
  <datafield tag="952" ind1=" " ind2=" ">
    <subfield code="0">0</subfield>
    <subfield code="1">0</subfield>
    <subfield code="4">0</subfield>
    <subfield code="7">0</subfield>
    <subfield code="a">11</subfield>
    <subfield code="b">11</subfield>
    <subfield code="d">2007-01-08</subfield>
    <subfield code="l">4</subfield>
    <subfield code="o">QM451 A4518 1999</subfield>
    <subfield code="p">11 005454</subfield>
    <subfield code="r">2015-05-20</subfield>
    <subfield code="s">2015-05-20</subfield>
    <subfield code="t">1</subfield>
    <subfield code="w">2012-06-26</subfield>
    <subfield code="y">LB</subfield>
  </datafield>
  <datafield tag="952" ind1=" " ind2=" ">
    <subfield code="0">0</subfield>
    <subfield code="1">0</subfield>
    <subfield code="4">0</subfield>
    <subfield code="7">0</subfield>
    <subfield code="a">11</subfield>
    <subfield code="b">11</subfield>
    <subfield code="d">2007-01-08</subfield>
    <subfield code="l">2</subfield>
    <subfield code="o">QM451 A4518 1999</subfield>
    <subfield code="p">11 005455</subfield>
    <subfield code="r">2019-06-08</subfield>
    <subfield code="s">2019-06-08</subfield>
    <subfield code="t">2</subfield>
    <subfield code="w">2012-06-26</subfield>
    <subfield code="y">LB</subfield>
  </datafield>
  <datafield tag="952" ind1=" " ind2=" ">
    <subfield code="0">0</subfield>
    <subfield code="1">0</subfield>
    <subfield code="4">0</subfield>
    <subfield code="7">0</subfield>
    <subfield code="a">11</subfield>
    <subfield code="b">11</subfield>
    <subfield code="d">2007-01-08</subfield>
    <subfield code="l">1</subfield>
    <subfield code="o">QM451 A4518 1999</subfield>
    <subfield code="p">11 005456</subfield>
    <subfield code="r">2013-04-12</subfield>
    <subfield code="s">2013-04-12</subfield>
    <subfield code="t">3</subfield>
    <subfield code="w">2012-06-26</subfield>
    <subfield code="y">LB</subfield>
  </datafield>
  <datafield tag="999" ind1=" " ind2=" ">
    <subfield code="c">71199</subfield>
    <subfield code="d">71199</subfield>
  </datafield>
  <controlfield tag="008">120626s1999    mx a          000 0 spa d</controlfield>
  <datafield tag="020" ind1=" " ind2=" ">
    <subfield code="a">9701022483</subfield>
  </datafield>
  <datafield tag="050" ind1=" " ind2=" ">
    <subfield code="a">QM451 </subfield>
    <subfield code="b">A4518 1999</subfield>
  </datafield>
  <datafield tag="100" ind1=" " ind2=" ">
    <subfield code="a">Afifi, Adel K.</subfield>
    <subfield code="e">autor</subfield>
  </datafield>
  <datafield tag="240" ind1=" " ind2=" ">
    <subfield code="a">Functional neuroanatomy</subfield>
    <subfield code="l">espa&#xF1;ol</subfield>
  </datafield>
  <datafield tag="245" ind1=" " ind2=" ">
    <subfield code="a">Neuroanatom&#xED;a Funcional </subfield>
    <subfield code="b">: Texto y atlas</subfield>
    <subfield code="c">/ Adel K., Afifi; Ronald A., Bergman; traducci&#xF3;n de Alejandro, Sandoval Romero</subfield>
  </datafield>
  <datafield tag="260" ind1=" " ind2=" ">
    <subfield code="a">M&#xE9;xico</subfield>
    <subfield code="b">: McGraw- Hill</subfield>
    <subfield code="c">, 1999</subfield>
  </datafield>
  <datafield tag="300" ind1=" " ind2=" ">
    <subfield code="a">727 p&#xE1;ginas</subfield>
    <subfield code="b">: ilustraciones</subfield>
  </datafield>
  <datafield tag="500" ind1=" " ind2=" ">
    <subfield code="a">Incluye: Contenido, Prefacio, Bibliograf&#xED;a, Indice</subfield>
  </datafield>
  <datafield tag="505" ind1=" " ind2=" ">
    <subfield code="a">Parte 1. Texto  
Neurohistolog&#xED;a  
Topograf&#xED;a macrosc&#xF3;pica  
M&#xE9;dula Espinal  
Correlaciones Cl&#xED;nicas acerca de la anatom&#xED;a de la m&#xE9;dula espinal  
M&#xE9;dula Oblongada  
M&#xE9;dula Oblongada: Correlaciones cl&#xED;nicas  
Puente  
Puente: Correlaciones cl&#xED;nicas  
Mesenc&#xE9;falo (cerebro medio)  
Mesenc&#xE9;falo (cerebro medio): correlaciones cl&#xED;nicas  
Dienc&#xE9;falo  
Dienc&#xE9;falo: correlaciones cl&#xED;nicas  

Parte 2. Atlas 
Cortes anat&#xF3;micos  
Cortes sagitales de la colecci&#xF3;n Yakolev  
Cortes axiles de la colecci&#xF3;n Yakolev  
Cortes coronales de la colecci&#xF3;n Yakolev  
Cortes del tallo cerebral  
Cortes de la m&#xE9;dula espinal  
Cortes sagitales por IRM  
Cortes axiles por IRM  
Cortes coronales por IRM  </subfield>
  </datafield>
  <datafield tag="519" ind1=" " ind2=" ">
    <subfield code="a">Material Complementario/  </subfield>
    <subfield code="b">Psicolog&#xED;a / </subfield>
    <subfield code="d">(11 005454)  
</subfield>
  </datafield>
  <datafield tag="650" ind1=" " ind2="0">
    <subfield code="a">NEUROANATOM&#xCD;A</subfield>
  </datafield>
  <datafield tag="650" ind1=" " ind2="0">
    <subfield code="a">CEREBRO</subfield>
    <subfield code="x">ATLAS</subfield>
  </datafield>
  <datafield tag="942" ind1=" " ind2=" ">
    <subfield code="c">LB</subfield>
  </datafield>
</record>
